000 00765cam a22002653a 4500
001 25144
003 PGUSA
005 20140828083536.0
008 080423s2008||||xxu|||||s|||||000 1 eng d
040 _aPGUSA
_beng
042 _adc
050 4 _aPZ
100 1 _aRich, Charles Edward
245 1 2 _aA Voyage with Captain Dynamite
_h[electronic resource] /
_cCharles Edward Rich
260 _bProject Gutenberg,
_c2008
506 _aPublic domain in the USA.
516 _aElectronic text
653 _aBoys -- Juvenile fiction
653 _aShip captains -- Juvenile fiction
653 _aCuba -- Juvenile fiction
653 _aAdventure stories
830 0 _aProject Gutenberg
_v25144
856 4 0 _uhttp://www.gutenberg.org/ebooks/25144
942 _cEB
999 _c254399
_d254399